000
00478nam a2200169Ia 4500
008
090711s9999 xx 000 0 und d
082
_b
78780
100
_a
घाटे निरंजन
245
_a
आक्रमण
260
_b
रोहन प्रकाशन
_c
1995
300
_a
64
600
_a
घाटे निरंजन
630
_a
आक्रमण
700
_a
घाटे निरंजन
730
_a
आक्रमण
942
_c
BOOK
999
_c
290725
_d
290725